[Event "Hastings Masters 2022/23"]
[Site "Hastings"]
[Date "2022.12.30"]
[Round "3.8"]
[White "Eames, Robert S"]
[Black "Murphy, Conor E"]
[Result "0-1"]
[WhiteElo "2136"]
[BlackElo "2422"]
[PlyCount "82"]
[EventDate "2022.12.28"]
[EventType "swiss"]
[EventRounds "10"]
[EventCountry "ENG"]

1. d4 d5 2. c4 e6 3. Nc3 Nf6 4. cxd5 exd5 5. Bg5 c6 6. e3 h6 7. Bh4 Be7 8. Bd3
O-O 9. Nge2 Ne8 10. Bg3 Nd6 11. Qc2 Re8 12. f3 Bh4 13. e4 Bxg3+ 14. hxg3 dxe4
15. fxe4 Qg5 16. O-O Be6 17. Rf3 c5 18. Nb5 Nxb5 19. Bxb5 Rc8 20. d5 Bg4 21.
Rc3 a6 22. Bd3 b5 23. Nf4 Nd7 24. Be2 Bxe2 25. Qxe2 Qe5 26. Rd1 Re8 27. Re3
Rad8 28. a4 c4 29. axb5 axb5 30. b3 c3 31. Qxb5 c2 32. Rc1 Qb2 33. Ne2 Nf6 34.
Qd3 Ng4 35. Rf3 Rc8 36. Qd4 Qxd4+ 37. Nxd4 Rxe4 38. Nc6 Re2 39. Rc3 Rce8 40.
Rf3 Rd2 41. Rff1 Ree2 0-1

[Event "Hastings Masters 2022/23"]
[Site "Hastings"]
[Date "2022.12.30"]
[Round "3.9"]
[White "Thompson, Ian D"]
[Black "Cherniaev, Alexander"]
[Result "0-1"]
[WhiteElo "2082"]
[BlackElo "2374"]
[PlyCount "128"]
[EventDate "2022.12.28"]
[EventType "swiss"]
[EventRounds "10"]
[EventCountry "ENG"]

1. Nf3 g6 2. c4 Bg7 3. Nc3 d6 4. g3 c5 5. Bg2 Nc6 6. d3 Bxc3+ 7. bxc3 Qd7 8. h4
h5 9. e4 b6 10. Nd2 Bb7 11. Nf1 e6 12. Ne3 Na5 13. Bd2 O-O-O 14. Qc2 Kb8 15. f4
f6 16. Kf2 Nh6 17. Bf3 f5 18. Rhe1 Qf7 19. Ng2 fxe4 20. Bxe4 Bxe4 21. Rxe4 d5
22. cxd5 exd5 23. Re2 Qf5 24. Ne3 Qh3 25. Qa4 c4 26. dxc4 Nxc4 27. Nxc4 dxc4
28. Rg1 Rd7 29. f5 Qxf5+ 30. Bf4+ Kb7 31. Qxc4 Rc8 32. Qa4 Rxc3 33. Rge1 Qc5+
34. Kg2 Qd5+ 35. Kg1 Nf5 36. Kh2 Qc6 37. Qxc6+ Rxc6 38. Re6 Nd4 39. Rxc6 Kxc6
40. Re8 Rf7 41. Rg8 Rf6 42. Kg2 Re6 43. Kf2 Nf5 44. Kf3 Nd4+ 45. Kf2 Kd5 46.
Be3 Nf5 47. Bd2 Ke4 48. a4 Kd3 49. Bf4 Kc4 50. Ra8 a5 51. Rb8 Kb4 52. Bc7 Kc5
53. Bf4 Rc6 54. Re8 Kb4 55. Re4+ Kb3 56. Ke1 Ng7 57. Be3 Ne6 58. g4 hxg4 59.
Rxg4 Nc7 60. Kd1 Na6 61. Bd2 Nc5 62. h5 gxh5 63. Rh4 Rd6 64. Kc1 Rd5 0-1

[Event "Hastings Masters 2022/23"]
[Site "Hastings"]
[Date "2022.12.30"]
[Round "3.10"]
[White "Ismail, Mohammed Aayan"]
[Black "Edouard, Romain"]
[Result "0-1"]
[WhiteElo "1963"]
[BlackElo "2537"]
[PlyCount "96"]
[EventDate "2022.12.28"]
[EventType "swiss"]
[EventRounds "10"]
[EventCountry "ENG"]

1. Nf3 b6 2. b3 Bb7 3. Bb2 f5 4. e3 Nf6 5. Be2 g6 6. c4 Bg7 7. Nc3 d6 8. d4 e6
9. d5 Qe7 10. dxe6 Qxe6 11. Nd5 Bxd5 12. cxd5 Qe7 13. Bb5+ Nfd7 14. Bxg7 Qxg7
15. Rc1 a6 16. Be2 Nf6 17. Nd4 Qe7 18. Ne6 Ra7 19. O-O Kf7 20. Qd4 Rc8 21. Bc4
Nbd7 22. b4 Nf8 23. Bb3 c5 24. Qf4 Nxe6 25. dxe6+ Kg7 26. Rfd1 Rc6 27. bxc5
dxc5 28. Qe5 Rac7 29. h4 b5 30. Bd5 Rd6 31. Bb3 Rxd1+ 32. Bxd1 c4 33. Bf3 Qc5
34. Qc3 b4 35. Qd2 c3 36. Qd3 a5 37. Bd1 Qd5 38. Qe2 Qxe6 39. Bb3 Qc6 40. Qc2
Qe4 41. Qe2 Qxh4 42. g3 Qh5 43. Qb5 Ng4 44. Rc2 Qh2+ 45. Kf1 Qh1+ 46. Ke2 Qg1
47. Kf3 Re7 48. Bd5 Nxe3 0-1

[Event "Hastings Masters 2022/23"]
[Site "Hastings"]
[Date "2022.12.30"]
[Round "3.11"]
[White "Petrov, Martin"]
[Black "Rolvag, Mikael"]
[Result "1-0"]
[WhiteElo "2535"]
[BlackElo "2110"]
[PlyCount "77"]
[EventDate "2022.12.28"]
[EventType "swiss"]
[EventRounds "10"]
[EventCountry "ENG"]

1. e4 c6 2. d4 d5 3. e5 Bf5 4. Nf3 e6 5. Be2 Bg6 6. O-O Nh6 7. a4 Nf5 8. Nbd2
c5 9. dxc5 Bxc5 10. Nb3 Bb6 11. Bb5+ Kf8 12. a5 Bc7 13. Bg5 Qc8 14. Qd2 a6 15.
Ba4 h6 16. Bf4 Bd8 17. c4 dxc4 18. Rac1 Kg8 19. Qe2 Nc6 20. Rxc4 Nfe7 21. Rfc1
Qb8 22. Bd2 Nd5 23. Bxc6 bxc6 24. Nfd4 Bg5 25. Bxg5 hxg5 26. Rxc6 Nf4 27. Qe3
Qb7 28. Nf3 Nd5 29. Qxg5 Rh5 30. Qg3 Rf8 31. Nbd4 Qxb2 32. Rc8 Ne7 33. Rxf8+
Kxf8 34. Rd1 Qb8 35. h4 Be4 36. Qf4 Bd5 37. Ng5 Rxg5 38. Qxg5 Qb4 39. Nf5 1-0

[Event "Hastings Masters 2022/23"]
[Site "Hastings"]
[Date "2022.12.30"]
[Round "3.12"]
[White "Gormally, Daniel W"]
[Black "Schimnatkowski, Lukas"]
[Result "1-0"]
[WhiteElo "2450"]
[BlackElo "2194"]
[PlyCount "69"]
[EventDate "2022.12.28"]
[EventType "swiss"]
[EventRounds "10"]
[EventCountry "ENG"]

1. e4 e6 2. d4 d5 3. e5 c5 4. c3 Qb6 5. Bd3 Bd7 6. dxc5 Bxc5 7. Qe2 a5 8. Nf3
Nc6 9. O-O a4 10. Nbd2 Qc7 11. b4 axb3 12. Nxb3 Bb6 13. Nbd4 Nxd4 14. cxd4 Nh6
15. Bxh6 gxh6 16. Rac1 Bc6 17. Qd2 Qe7 18. Rb1 Bd8 19. Qxh6 Rxa2 20. Rfc1 Qa3
21. Bf1 Qf8 22. Qe3 Qa3 23. Rc3 Qa5 24. Qc1 Rg8 25. Rcb3 Kf8 26. Bb5 Rg4 27.
Bxc6 bxc6 28. Qh6+ Kg8 29. Rb8 Rg6 30. Qh4 Kg7 31. Qxd8 Qa3 32. Qg8+ Kh6 33.
Qxf7 Re2 34. Qf4+ Kh5 35. Qh4# 1-0

[Event "Hastings Masters 2022/23"]
[Site "Hastings"]
[Date "2022.12.30"]
[Round "3.13"]
[White "Lalic, Bogdan"]
[Black "Hebden, Mark L"]
[Result "1/2-1/2"]
[WhiteElo "2392"]
[BlackElo "2448"]
[PlyCount "23"]
[EventDate "2022.12.28"]
[EventType "swiss"]
[EventRounds "10"]
[EventCountry "ENG"]

1. d4 Nf6 2. c4 g6 3. Nc3 Bg7 4. Nf3 O-O 5. g3 d6 6. Bg2 Nc6 7. O-O e5 8. d5
Nb8 9. e4 a5 10. Ne1 Na6 11. a3 Nc5 12. Be3 1/2-1/2

[Event "Hastings Masters 2022/23"]
[Site "Hastings"]
[Date "2022.12.30"]
[Round "3.14"]
[White "Byron, Alan M"]
[Black "Davies, Nigel R"]
[Result "1/2-1/2"]
[WhiteElo "2175"]
[BlackElo "2398"]
[PlyCount "32"]
[EventDate "2022.12.28"]
[EventType "swiss"]
[EventRounds "10"]
[EventCountry "ENG"]

1. e4 c6 2. Nf3 d5 3. exd5 cxd5 4. Ne5 Nc6 5. Bb5 Bd7 6. Bxc6 Bxc6 7. d4 Nf6 8.
O-O e6 9. c3 Be7 10. f4 g6 11. Nd2 h5 12. Qc2 Rc8 13. g3 b5 14. b4 Bb7 15. Qd3
Qb6 16. Nb3 Ne4 1/2-1/2

[Event "Hastings Masters 2022/23"]
[Site "Hastings"]
[Date "2022.12.30"]
[Round "3.15"]
[White "Waldhausen Gordon, Frederick"]
[Black "Lutsko, Artem"]
[Result "1-0"]
[WhiteElo "2069"]
[BlackElo "2431"]
[PlyCount "119"]
[EventDate "2022.12.28"]
[EventType "swiss"]
[EventRounds "10"]
[EventCountry "ENG"]

1. e4 c5 2. Nf3 d6 3. Bb5+ Nd7 4. c3 Ngf6 5. Bd3 g6 6. Bc2 b5 7. d4 cxd4 8.
cxd4 Bb7 9. Qe2 Bg7 10. O-O O-O 11. a4 b4 12. a5 Rc8 13. Bd3 e5 14. a6 Ba8 15.
d5 Nc5 16. Nbd2 Nh5 17. Bc4 Nf4 18. Qe3 f5 19. b3 Bh6 20. Kh1 Kg7 21. Qe1 Nfd3
22. Bxd3 Nxd3 23. Qe2 Rc3 24. Rb1 fxe4 25. Qxe4 Rf4 26. Qe2 Bxd5 27. Bb2 Nxb2
28. Rxb2 Rfxf3 29. Nxf3 Rxf3 30. Rd1 Bc6 31. gxf3 Bf4 32. Rg1 Qa8 33. Kg2 Qc8
34. h3 Bd7 35. Rh1 Bf5 36. Qc4 Qd8 37. Qd5 Kh6 38. h4 Qb6 39. Ra2 Qc7 40. Raa1
Qc2 41. Qc4 d5 42. Qxc2 Bxc2 43. Ra4 Bxb3 44. Rxb4 Bc4 45. Ra1 Bd2 46. Rb7 Bc3
47. Ra4 Bd4 48. Kg3 Be2 49. f4 Bc4 50. fxe5 Bxe5+ 51. f4 Bd4 52. Kf3 Bg1 53.
Rc7 Bd3 54. Kg3 Be2 55. Re7 Bd3 56. Ra5 Bc4 57. Rd7 Bb6 58. Raxd5 Bxa6 59. Re5
Bc8 60. Rf7 1-0

[Event "Hastings Masters 2022/23"]
[Site "Hastings"]
[Date "2022.12.30"]
[Round "3.16"]
[White "Arnott, Jonathan W"]
[Black "O'Gorman, Tom"]
[Result "1/2-1/2"]
[WhiteElo "2063"]
[BlackElo "2376"]
[PlyCount "84"]
[EventDate "2022.12.28"]
[EventType "swiss"]
[EventRounds "10"]
[EventCountry "ENG"]

1. e4 c5 2. Nf3 d6 3. Bb5+ Nd7 4. d4 cxd4 5. Qxd4 a6 6. Bxd7+ Bxd7 7. O-O Nf6
8. Bg5 e6 9. e5 dxe5 10. Nxe5 Bb5 11. Qxd8+ Rxd8 12. c4 Bc6 13. Nc3 Bb4 14.
Nxc6 bxc6 15. Ne2 Bd2 16. Bxf6 gxf6 17. Rfd1 Ke7 18. Kf1 f5 19. Nc1 Bg5 20. Nd3
Bf6 21. Nb4 Rc8 22. Nd3 c5 23. Rd2 Bd4 24. Re1 Rhd8 25. Ne5 a5 26. Nf3 Bf6 27.
Red1 Bxb2 28. Rxd8 Rxd8 29. Rxd8 Kxd8 30. a4 Ke7 31. Nd2 Kd6 32. Nb3 Bc3 33. f4
h5 34. g3 Bb4 35. Ke2 Ke7 36. h4 e5 37. Kf2 Kd6 38. Ke2 Bc3 39. Kf2 Bd4+ 40.
Kf3 Bc3 41. Kf2 Bb4 42. Ke2 Bc3 1/2-1/2

[Event "Hastings Masters 2022/23"]
[Site "Hastings"]
[Date "2022.12.30"]
[Round "3.17"]
[White "Bezuidenhout, Roland"]
[Black "Franco, Gaston"]
[Result "1-0"]
[WhiteElo "2265"]
[BlackElo "2051"]
[PlyCount "77"]
[EventDate "2022.12.28"]
[EventType "swiss"]
[EventRounds "10"]
[EventCountry "ENG"]

1. e4 c5 2. Nf3 Nc6 3. Bb5 g6 4. Bxc6 dxc6 5. d3 Bg7 6. h3 b6 7. a4 a5 8. O-O
e5 9. Na3 f6 10. Be3 Nh6 11. c3 Ba6 12. Qb3 Qc8 13. Rfd1 Rb8 14. d4 cxd4 15.
cxd4 Nf7 16. dxe5 fxe5 17. Rac1 Bf6 18. Nc4 Bxc4 19. Qxc4 c5 20. b4 axb4 21. a5
O-O 22. axb6 Rxb6 23. Qxc5 Rb8 24. Qd5 Qb7 25. Qe6 Qe7 26. Qb3 Rb5 27. Rc6 Kg7
28. Qc4 Rb7 29. Bc5 Rd8 30. Rxd8 Qxd8 31. Bxb4 h5 32. Kh2 Qd7 33. Bc3 Qd8 34.
Qe6 Rb5 35. Rc8 Qe7 36. Qc6 Rb3 37. Rc7 Qf8 38. Qc4 Ra3 39. Bb4 1-0

[Event "Hastings Masters 2022/23"]
[Site "Hastings"]
[Date "2022.12.30"]
[Round "3.18"]
[White "Hng, Mei-En Emmanuelle"]
[Black "Kueppers, Timo"]
[Result "0-1"]
[WhiteElo "2057"]
[BlackElo "2249"]
[PlyCount "116"]
[EventDate "2022.12.28"]
[EventType "swiss"]
[EventRounds "10"]
[EventCountry "ENG"]

1. Nf3 d5 2. c4 d4 3. e3 c5 4. exd4 cxd4 5. d3 Nc6 6. g3 Nf6 7. Bg2 Nd7 8. O-O
e5 9. Re1 Be7 10. Na3 O-O 11. Nc2 f6 12. Nh4 f5 13. Bd5+ Kh8 14. Ng2 f4 15.
gxf4 Bd6 16. b4 Nxb4 17. Nxb4 Bxb4 18. Bd2 Bd6 19. f5 Rxf5 20. Be4 Rf8 21. Rb1
Nc5 22. Qh5 Nxe4 23. dxe4 Qf6 24. f4 b6 25. Nh4 Be7 26. Ng2 Be6 27. Qxe5 Qxe5
28. fxe5 Bxc4 29. a4 Kg8 30. Bb4 Rae8 31. Bd6 Bxd6 32. exd6 g5 33. Rb4 Rc8 34.
Rc1 Be6 35. Rxc8 Rxc8 36. Rxd4 Kf7 37. Ne1 Rc4 38. Rxc4 Bxc4 39. Nf3 Ke6 40. d7
Ke7 41. Ne5 Bb3 42. Kf2 Bxa4 43. d8=Q+ Kxd8 44. Nf7+ Ke7 45. Nxg5 h6 46. Nf3
Kd6 47. Ke3 Kc5 48. e5 Kd5 49. Kf4 Bd7 50. Nd2 a5 51. Ne4 b5 52. Nf6+ Ke6 53.
Ke4 a4 54. Kd4 a3 55. Ne4 a2 56. Nc5+ Kf5 57. Nb3 Be6 58. Na1 b4 0-1

[Event "Hastings Masters 2022/23"]
[Site "Hastings"]
[Date "2022.12.30"]
[Round "3.19"]
[White "Marusenko, Petr"]
[Black "Oragwu, Chukwunonso"]
[Result "0-1"]
[WhiteElo "2041"]
[BlackElo "2233"]
[PlyCount "64"]
[EventDate "2022.12.28"]
[EventType "swiss"]
[EventRounds "10"]
[EventCountry "ENG"]

1. d4 Nf6 2. Nf3 g6 3. c3 Bg7 4. Bf4 O-O 5. h3 d6 6. e3 Nbd7 7. Bc4 b6 8. a4 a6
9. O-O Bb7 10. Nbd2 Qe8 11. Qe2 e5 12. Bh2 Qe7 13. b4 Kh8 14. Rad1 e4 15. Ne1
Nd5 16. Nb1 f5 17. Nc2 g5 18. Bb3 Qe8 19. c4 Ne7 20. d5 a5 21. Nd4 Bxd4 22.
exd4 axb4 23. Rfe1 Nf6 24. Qd2 Qh5 25. Qxb4 g4 26. Re3 Rg8 27. Be5 Raf8 28.
Bxf6+ Rxf6 29. Qc3 f4 30. Rxe4 gxh3 31. Rd3 Rxg2+ 32. Kh1 Qg6 0-1

[Event "Hastings Masters 2022/23"]
[Site "Hastings"]
[Date "2022.12.30"]
[Round "3.20"]
[White "Kett, Tim"]
[Black "Harari, Zaki"]
[Result "1-0"]
[WhiteElo "2184"]
[BlackElo "2030"]
[PlyCount "86"]
[EventDate "2022.12.28"]
[EventType "swiss"]
[EventRounds "10"]
[EventCountry "ENG"]

1. e4 c5 2. Nf3 e6 3. d4 cxd4 4. Nxd4 Nf6 5. Nc3 Nc6 6. Ndb5 Bc5 7. Nd6+ Ke7 8.
Bf4 e5 9. Nf5+ Kf8 10. Be3 d6 11. Bxc5 dxc5 12. Qxd8+ Nxd8 13. O-O-O Bxf5 14.
exf5 Nc6 15. Bb5 Nd4 16. Rhe1 a6 17. Bd3 Nd7 18. Be4 Rb8 19. Nd5 h5 20. c3 Nc6
21. Ne3 Ke7 22. Bxc6 bxc6 23. Nc4 f6 24. Rd6 Nb6 25. Re6+ Kf8 26. Nxb6 Rxb6 27.
Rd1 Kg8 28. Rdd6 h4 29. Re8+ Kh7 30. Rxh8+ Kxh8 31. b3 Kh7 32. Kc2 Kh6 33. Kd3
Kg5 34. Kc4 e4 35. Kxc5 Rb5+ 36. Kxc6 Rb8 37. c4 Kxf5 38. Kc7 Re8 39. c5 h3 40.
gxh3 Kf4 41. Kd7 Rh8 42. c6 Kf3 43. Rd2 Kf4 1-0

[Event "Hastings Masters 2022/23"]
[Site "Hastings"]
[Date "2022.12.30"]
[Round "3.21"]
[White "Okhai, Shabir"]
[Black "Kumar, Sanjit S"]
[Result "1-0"]
[WhiteElo "2149"]
[BlackElo "1965"]
[PlyCount "115"]
[EventDate "2022.12.28"]
[EventType "swiss"]
[EventRounds "10"]
[EventCountry "ENG"]

1. e4 e6 2. d4 d5 3. Nc3 Bb4 4. e5 c5 5. a3 Bxc3+ 6. bxc3 Ne7 7. Qg4 Qc7 8. Bd3
c4 9. Be2 Qa5 10. Bd2 Nf5 11. h4 Qa4 12. Bd1 Nc6 13. h5 h6 14. Rh3 Bd7 15. Rf3
O-O-O 16. Rxf5 exf5 17. Qxg7 Be6 18. Kf1 Qa5 19. Ne2 Rdg8 20. Qf6 Qd8 21. Nf4
Qxf6 22. exf6 Kd7 23. Bf3 Kd6 24. a4 Na5 25. Bc1 b6 26. Ba3+ Kc6 27. Re1 Kd7
28. Nxd5 Bxd5 29. Bxd5 Re8 30. Bxf7 Rxe1+ 31. Kxe1 Nb7 32. Bxc4 Nd6 33. Bd5 Rf8
34. f7 Ke7 35. c4 Rd8 36. c5 bxc5 37. Bxc5 Kf8 38. Bxa7 Nxf7 39. Bc5+ Kg7 40.
c4 Kf6 41. a5 Nd6 42. a6 Nc8 43. f4 Rd7 44. Bb7 Rd8 45. Ke2 Ke6 46. a7 Nxa7 47.
Bxa7 Kd6 48. Bc5+ Kc7 49. Bd5 Re8+ 50. Kf2 Kd7 51. Bf3 Kc7 52. d5 Kd7 53. Bd4
Rb8 54. c5 Rb4 55. Be5 Rc4 56. c6+ Kd8 57. d6 Ra4 58. Bd5 1-0

[Event "Hastings Masters 2022/23"]
[Site "Hastings"]
[Date "2022.12.30"]
[Round "3.22"]
[White "White, Stuart A"]
[Black "Villiers, Thomas"]
[Result "0-1"]
[WhiteElo "2021"]
[BlackElo "2141"]
[PlyCount "82"]
[EventDate "2022.12.28"]
[EventType "swiss"]
[EventRounds "10"]
[EventCountry "ENG"]

1. d4 e6 2. c4 Nf6 3. Nf3 c5 4. d5 b5 5. dxe6 fxe6 6. cxb5 d5 7. e3 Bd6 8. b3
O-O 9. Bb2 Nbd7 10. Nbd2 Qa5 11. Qc2 Bb7 12. Bd3 e5 13. Bc3 Qb6 14. e4 c4 15.
bxc4 Ng4 16. O-O Bc5 17. exd5 Nxf2 18. Rxf2 Bxf2+ 19. Kh1 Qh6 20. Ne4 Be3 21.
Bd2 Bxd2 22. Qxd2 Rf4 23. Neg5 Nc5 24. Re1 Raf8 25. Kg1 Kh8 26. Rxe5 Qb6 27.
Kh1 Qf6 28. Re1 g6 29. Qe2 Bc8 30. Bc2 Bg4 31. h3 Qxg5 32. hxg4 Qxg4 33. Qe5+
Kg8 34. d6 Rxf3 35. gxf3 Qxf3+ 36. Kg1 Qf2+ 37. Kh1 Rf4 38. Qe8+ Rf8 39. Qe5
Qh4+ 40. Kg1 Qg4+ 41. Kh1 Rf3 0-1

[Event "Hastings Masters 2022/23"]
[Site "Hastings"]
[Date "2022.12.30"]
[Round "3.23"]
[White "Ogunshola, Ben"]
[Black "Pousada Garcia, Daniel"]
[Result "1-0"]
[WhiteElo "2140"]
[BlackElo "1960"]
[PlyCount "71"]
[EventDate "2022.12.28"]
[EventType "swiss"]
[EventRounds "10"]
[EventCountry "ENG"]

1. c4 Nf6 2. Nf3 e6 3. g3 d5 4. Bg2 Be7 5. O-O O-O 6. b3 c5 7. cxd5 exd5 8. d4
Nc6 9. Bb2 Bf5 10. Nc3 Rc8 11. Rc1 b6 12. dxc5 Bxc5 13. Na4 Be7 14. Rxc6 Rxc6
15. Nd4 Bd7 16. Nxc6 Bxc6 17. Qd4 Qd7 18. Rd1 Rd8 19. e3 Ne8 20. Nc3 Bf6 21.
Qd3 Nc7 22. Rd2 h6 23. Qb1 Qg4 24. Ne2 Bxb2 25. Qxb2 Ne6 26. h3 Qh5 27. Nd4
Nxd4 28. Qxd4 Rc8 29. Kh2 Bb7 30. Qa4 Rc1 31. Qxa7 Bc6 32. Qb8+ Kh7 33. Qf4 Qg6
34. e4 Qe6 35. exd5 Qe1 36. Qe4+ 1-0

[Event "Hastings Masters 2022/23"]
[Site "Hastings"]
[Date "2022.12.30"]
[Round "3.24"]
[White "Salmons, Calum"]
[Black "Hryshchenko, Kamila"]
[Result "0-1"]
[WhiteElo "1989"]
[BlackElo "2139"]
[PlyCount "94"]
[EventDate "2022.12.28"]
[EventType "swiss"]
[EventRounds "10"]
[EventCountry "ENG"]

1. e4 d6 2. d4 g6 3. Nc3 Bg7 4. Be3 a6 5. Qd2 h6 6. f4 Nf6 7. h3 b5 8. a3 Bb7
9. Bd3 e5 10. dxe5 dxe5 11. fxe5 Nfd7 12. Nf3 Nc6 13. e6 fxe6 14. O-O Nce5 15.
Nxe5 Nxe5 16. Qf2 Rf8 17. Qg3 Rxf1+ 18. Rxf1 Qe7 19. Bf4 g5 20. Bxe5 Qc5+ 21.
Kh1 Qxe5 22. Qg4 O-O-O 23. a4 b4 24. Nd1 b3 25. Ne3 bxc2 26. Nc4 h5 27. Qe2 Qg3
28. Bxc2 g4 29. Qe1 h4 30. Qxg3 hxg3 31. Bd1 gxh3 32. gxh3 Bxe4+ 33. Bf3 Rd1
34. Bxe4 Rxf1+ 35. Kg2 Re1 36. Bd3 e5 37. Kxg3 e4 38. Kf2 Rc1 39. Be2 Bd4+ 40.
Kg2 Kd8 41. h4 Re1 42. Bg4 Rg1+ 43. Kh3 e3 44. Bf3 Rc1 45. Na5 Rc2 46. h5 Bf6
47. Kg3 e2 0-1

[Event "Hastings Masters 2022/23"]
[Site "Hastings"]
[Date "2022.12.30"]
[Round "3.25"]
[White "Chan, Sheng Liang Bernard"]
[Black "Hutchinson, Paul A"]
[Result "1/2-1/2"]
[WhiteElo "1986"]
[BlackElo "2135"]
[PlyCount "138"]
[EventDate "2022.12.28"]
[EventType "swiss"]
[EventRounds "10"]
[EventCountry "ENG"]

1. d4 d5 2. c4 e6 3. Nf3 Nf6 4. Nc3 c6 5. e3 Nbd7 6. b3 Bb4 7. Bd2 O-O 8. Bd3
Qe7 9. O-O e5 10. dxe5 Nxe5 11. Nxe5 Qxe5 12. Nxd5 Nxd5 13. cxd5 Bd6 14. f4
Qxd5 15. Qc2 h6 16. Rae1 Rd8 17. Bc3 Qh5 18. Rf3 Kf8 19. Qb2 g5 20. Bg7+ Ke8
21. Bf6 Bg4 22. Rg3 Rd7 23. Qd4 Be6 24. Qe4 Be7 25. fxg5 Rad8 26. Be2 Qg6 27.
Qxg6 fxg6 28. Bxe7 Rxe7 29. gxh6 Bf5 30. Bf3 Kf7 31. Kf2 Rde8 32. e4 Bxe4 33.
Bxe4 Rxe4 34. Rf3+ Kg8 35. Rxe4 Rxe4 36. h7+ Kxh7 37. Rf7+ Kh6 38. Rxb7 a5 39.
Ra7 Re5 40. Kf3 Kg5 41. Ra6 Rc5 42. Ke4 Kg4 43. Kd4 Rc2 44. Rxa5 Rxg2 45. a4
Rxh2 46. Rc5 Ra2 47. Rxc6 g5 48. Rg6 Kf4 49. Kc5 g4 50. Kb5 g3 51. b4 Re2 52.
Rf6+ Kg4 53. Rg6+ Kf4 54. Ka6 Re4 55. Ka5 Re5+ 56. b5 Rg5 57. Rf6+ Ke3 58. Rf1
g2 59. Rg1 Kf2 60. Rxg2+ Rxg2 61. b6 Ke3 62. Ka6 Kd4 63. b7 Rb2 64. a5 Kc5 65.
Ka7 Kc6 66. a6 Kc7 67. Ka8 Rb3 68. Ka7 Rb2 69. b8=Q+ Rxb8 1/2-1/2

[Event "Hastings Masters 2022/23"]
[Site "Hastings"]
[Date "2022.12.30"]
[Round "3.26"]
[White "Finn, Peter"]
[Black "Jukes, Sam"]
[Result "1/2-1/2"]
[WhiteElo "2123"]
[BlackElo "1928"]
[PlyCount "141"]
[EventDate "2022.12.28"]
[EventType "swiss"]
[EventRounds "10"]
[EventCountry "ENG"]

1. e4 e5 2. Nf3 Nc6 3. Bc4 Nf6 4. d3 Be7 5. O-O d6 6. a4 h6 7. a5 a6 8. Re1 g5
9. Be3 Bg4 10. Nc3 Qd7 11. Nd5 Nh5 12. h3 Bxf3 13. Qxf3 Nf4 14. Qg4 h5 15.
Qxd7+ Kxd7 16. c3 Raf8 17. Bxf4 gxf4 18. f3 Bh4 19. Red1 Ne7 20. b4 f5 21. b5
Nxd5 22. Bxd5 c6 23. bxc6+ bxc6 24. Bc4 Kc7 25. Bxa6 fxe4 26. dxe4 Ra8 27. Bc4
Rhb8 28. a6 Rb2 29. Rdb1 Bf2+ 30. Kf1 Rxb1+ 31. Rxb1 Bb6 32. h4 Rf8 33. Ke2 Rf6
34. Kd3 Rg6 35. Rb2 Rg7 36. Bb3 Re7 37. Ke2 Rg7 38. Kf1 Re7 39. Ba4 Rg7 40. Rb4
Rg8 41. Bb3 Rg7 42. Be6 Re7 43. Bf5 Rg7 44. Rb1 Rg3 45. c4 Rg8 46. Be6 Rg7 47.
c5 dxc5 48. Rd1 Ba7 49. Bc4 Bb6 50. Be6 Re7 51. Bf5 Rg7 52. Rb1 Rg8 53. Be6 Rd8
54. Ke2 Rd6 55. Bf7 Rd7 56. Bxh5 Rh7 57. Bg4 Rxh4 58. Bf5 Rh8 59. Rd1 Rd8 60.
Rxd8 Kxd8 61. Be6 Ke7 62. Bc4 Kd6 63. Kf2 Ke7 64. Kg1 Kf6 65. Kf1 Kg5 66. Be6
Kh4 67. Bd7 Kg3 68. Bxc6 c4 69. Ba4 Bd4 70. Bc2 c3 71. Bd1 1/2-1/2

[Event "Hastings Masters 2022/23"]
[Site "Hastings"]
[Date "2022.12.30"]
[Round "3.27"]
[White "Jacobs, Robert"]
[Black "Payne, Matthew J"]
[Result "1/2-1/2"]
[WhiteElo "1905"]
[BlackElo "2116"]
[PlyCount "74"]
[EventDate "2022.12.28"]
[EventType "swiss"]
[EventRounds "10"]
[EventCountry "ENG"]

1. d4 Nf6 2. Nf3 g6 3. g3 Bg7 4. Bg2 c5 5. d5 O-O 6. O-O b5 7. a4 b4 8. c4 bxc3
9. Nxc3 d6 10. e4 Ba6 11. Re1 Nbd7 12. h3 Rb8 13. Qc2 Qb6 14. Ra3 Bc4 15. Bf1
Bxf1 16. Kxf1 c4 17. Nb5 a6 18. Nbd4 Nxd5 19. Qxc4 Nb4 20. Be3 Rfc8 21. Qe2 Qb7
22. Bd2 Nc2 23. Rb3 Qa7 24. Rxb8 Nxb8 25. Nxc2 Rxc2 26. b4 Nc6 27. Qd3 Nxb4 28.
Qb3 Rb2 29. Qc4 Qc5 30. Rc1 Rc2 31. Rxc2 Nxc2 32. Qxa6 h6 33. Qa8+ Kh7 34. Qe8
Qc4+ 35. Kg1 Nd4 36. Nxd4 Qxd4 37. Be3 Qxe4 1/2-1/2

[Event "Hastings Masters 2022/23"]
[Site "Hastings"]
[Date "2022.12.30"]
[Round "3.28"]
[White "Pollack, Oscar"]
[Black "Ortiz Sanchez, Luis"]
[Result "1-0"]
[WhiteElo "2112"]
[BlackElo "1895"]
[PlyCount "123"]
[EventDate "2022.12.28"]
[EventType "swiss"]
[EventRounds "10"]
[EventCountry "ENG"]

1. b3 e5 2. Bb2 Nc6 3. c4 Nf6 4. e3 g6 5. d3 Bg7 6. Nf3 d6 7. Be2 O-O 8. O-O
Re8 9. Nbd2 Bf5 10. a3 Qe7 11. b4 e4 12. dxe4 Nxe4 13. Bxg7 Kxg7 14. Nxe4 Qxe4
15. Qd5 a5 16. b5 Ne7 17. Qxe4 Bxe4 18. Nd2 Bf5 19. Bf3 Rab8 20. Nb3 b6 21. Nd4
Bd7 22. Rad1 Red8 23. Rd2 Nf5 24. Nxf5+ Bxf5 25. Rfd1 Kf6 26. Rd4 Re8 27. Bc6
Re7 28. e4 Be6 29. f4 h6 30. Rf1 Rg8 31. Kf2 g5 32. g3 Bh3 33. Re1 gxf4 34.
gxf4 Rg2+ 35. Kf3 Ra2 36. Re3 h5 37. Kg3 Bf1 38. e5+ Kg7 39. Bd5 h4+ 40. Kxh4
Rxh2+ 41. Kg4 dxe5 42. fxe5 Rc2 43. Kg3 Be2 44. Rh4 Re8 45. Rh2 Bd1 46. Rh1 Be2
47. Rh4 Bd1 48. Kh3 Re2 49. Rg3+ Kf8 50. Rh7 Ke7 51. Bxf7 Rh8 52. Rxh8 Kxf7 53.
Rh7+ Ke6 54. Rxc7 Rc2 55. Re3 Be2 56. Rc6+ Kf5 57. Rf6+ Kg5 58. Rg3+ Kh5 59.
Rf8 Bf1+ 60. Rxf1 Rxc4 61. Rf8 Rh4+ 62. Kg2 1-0

[Event "Hastings Masters 2022/23"]
[Site "Hastings"]
[Date "2022.12.30"]
[Round "3.29"]
[White "Li, Ethan"]
[Black "Walker, Martin G"]
[Result "0-1"]
[WhiteElo "1889"]
[BlackElo "2100"]
[PlyCount "130"]
[EventDate "2022.12.28"]
[EventType "swiss"]
[EventRounds "10"]
[EventCountry "ENG"]

1. e4 Nf6 2. e5 Nd5 3. d4 d6 4. Nf3 g6 5. Be2 Bg7 6. c4 Nb6 7. Bf4 O-O 8. O-O
Nc6 9. Nc3 dxe5 10. dxe5 Bg4 11. Re1 Bxf3 12. Bxf3 Nxc4 13. Bxc6 bxc6 14. Qc2
Rb8 15. Rad1 Qc8 16. b3 Nb6 17. Bg3 e6 18. Ne4 Nd5 19. Qxc6 Rb6 20. Qc4 Qa6 21.
a4 Rc6 22. Qxa6 Rxa6 23. Rc1 Rb8 24. Nc5 Rc6 25. f3 Bh6 26. Nd7 Rxc1 27. Nxb8
Be3+ 28. Kf1 Rc3 29. Nd7 Bd4 30. Nf6+ Nxf6 31. exf6 Bxf6 32. Rd1 c5 33. Bf2
Rxb3 34. Bxc5 a5 35. Bd4 Bxd4 36. Rxd4 Ra3 37. Kf2 Kf8 38. Kg3 Ke7 39. h4 h5
40. Kf4 Rc3 41. Kg5 Rb3 42. Kf4 f6 43. Rc4 e5+ 44. Kg3 Rb4 45. Rc7+ Ke6 46.
Rc6+ Kf5 47. Ra6 Rxa4 48. Ra8 e4 49. fxe4+ Kxe4 50. Ra6 Kf5 51. Kh3 g5 52. hxg5
fxg5 53. g4+ hxg4+ 54. Kg3 Ra3+ 55. Kg2 g3 56. Ra8 Kg4 57. Ra7 Ra2+ 58. Kg1 a4
59. Ra8 a3 60. Ra7 Ra1+ 61. Kg2 Kf4 62. Ra8 Ke3 63. Kxg3 Kd3 64. Kg2 Kc3 65.
Rf8 Rb1 0-1

[Event "Hastings Masters 2022/23"]
[Site "Hastings"]
[Date "2022.12.30"]
[Round "3.30"]
[White "Miller, George"]
[Black "Brown, Thomas"]
[Result "0-1"]
[WhiteElo "1808"]
[BlackElo "2099"]
[PlyCount "66"]
[EventDate "2022.12.28"]
[EventType "swiss"]
[EventRounds "10"]
[EventCountry "ENG"]

1. c4 e6 2. Nf3 d5 3. d4 a6 4. g3 dxc4 5. Bg2 Nc6 6. O-O Rb8 7. e4 Nf6 8. Nc3
Be7 9. d5 exd5 10. exd5 Nb4 11. Ne5 Bf5 12. Bg5 O-O 13. Qf3 Bd3 14. Rfd1 h6 15.
Bf4 Nd7 16. Ng4 Nc2 17. Rxd3 cxd3 18. Rd1 Nc5 19. Rxd3 Ne1 20. Nxh6+ gxh6 21.
Qg4+ Bg5 22. Ne4 f5 23. Qh5 Qe8 24. Qxe8 Rbxe8 25. Nxc5 Bxf4 26. gxf4 Nxd3 27.
Nxd3 Re2 28. d6 c6 29. d7 Rd8 30. Bh3 Rxd7 31. Bxf5 Rxd3 32. Bxd3 Rxb2 33. Kg2
Kg7 0-1